000 00228 a2200097 4500
000 nam a22 7a 4500
005 20260129172838.0
100 _aRamachandran, V. S.
_91112846
245 _aThe Tell-Tale brain
942 _cTEXL
999 _c1678392
_d1678392